000 00800cam a2200289 a 4500
999 _c7372
_d7372
001 7372
003 BD-JhCC
005 20180210101433.0
008 070724s2007 vraa 001 0 eng d
020 _a9780495244837
_cNo price
020 _a049524483X
_cNo price
035 _a(BD-JhCC)7372
035 _a4842564
040 _aStDuBDS
_cStDuBDS
_dUk
_dBD-JhCC
041 _aeng
082 0 4 _a620.103
_222
_bCOO 2007
100 1 _a Cook, David I.
245 1 0 _aEngineering mechanics :
_bStatics /
_cDavid I. Cook and Donald N. Pierce
250 _aInternational student ed.
260 _aAustralia :
_bThomson,
_c2007.
300 _ax, 473 p. :
_bill. ;
_c26 cm.
500 _aIncludes index.
650 0 _aStatics.
700 1 _aPierce, Donald N.
942 _2ddc
_cBK